000 00315 a2200121 4500
001 146843
040 _cEscola São Tomás de Aquino
100 _aAZEVEDO, Aluísio
240 1 0 _aO cortiço
_lpor
245 1 0 _aO cortiço
697 _aCaricaturas, desenho animado, cômico, fotonovelas / Quadrinhos
942 _cBK
999 _c146843
_d146843